What Continent are these Authors from? - Statistics

General Stats
  • This quiz has been taken 27 times
  • The average score is 11 of 15
Answer Stats
Question Answer % Correct
Sun Tzu Asia
100%
Gabriel Garcia Marquez Americas
90%
Murasaki Shikibu Asia
90%
William Shakespeare Europe
90%
Charlotte Bronte Europe
90%
Chinua Achebe Africa
80%
Ernest Hemingway Americas
80%
Mark Twain Americas
80%
Jorge Luis Borges Americas
80%
Oscar Wilde Europe
80%
Ngũgĩ wa Thiong'o Africa
70%
Salman Rushdie Asia
50%
Alan Paton Africa
40%
Albert Camus Africa
40%
George Orwell Asia
20%
No matching quizzes found
Score Distribution
Percent of People with Each Score
Percentile by Number Answered
Your Score History
You have not taken this quiz